[Event "Andalucia-ch U08 1011"]
[Site "Almeria"]
[Date "2011.03.25"]
[Round "4.3"]
[White "Gener Marin, Manuel"]
[Black "Gomez Perea, Jesus"]
[Result "0-1"]
[WhiteElo "1124"]
[BlackElo "1269"]
[PlyCount "32"]
[EventDate "2011.03.25"]
[EventType "swiss"]
[EventRounds "9"]
[EventCountry "ESP"]
[SourceTitle "EXT 2024"]
[Source "ChessBase"]
[SourceDate "2023.10.10"]
[SourceVersion "1"]
[SourceVersionDate "2023.10.10"]
[SourceQuality "1"]

1. e4 e5 2. Bc4 Nf6 3. Nf3 Nc6 4. Nc3 Bc5 5. 0-0 0-0 6. Nd5 d6 7. Nxf6+ Qxf6 8. d3 Bg4 9. Bg5 Qg6 10. Bb5 h6 11. Be3 Bh3 12. Ng5 Bxe3 13. fxe3 Qxg5 14. Rf2 f5 15. exf5 Rxf5 16. Rxf5 Qxg2# 0-1